Threads of tradition : textiles of Indonesia and Sarawak : Lowie Museum of Anthropology, University Art Museum, Berkeley, University of California, Berkeley, California /
Saved in:
| Main Author: | |
|---|---|
| Corporate Authors: | , |
| Format: | Book |
| Language: | English |
| Published: |
[Oakland, Calif.] :
Published for the University of California by Fidelity Savings and Loan Association,
c1979.
|
| Subjects: | |
| Tags: |
Add Tag
No Tags, Be the first to tag this record!
|
| LEADER | 02570nam a2200385 i 4500 | ||
|---|---|---|---|
| 001 | 001557504-7 | ||
| 005 | 20020606090541.3 | ||
| 008 | 920910s1979 caua c 00000 eng | ||
| 010 | |a 78068806 //r842 | ||
| 035 | 0 | |a ocm04956593 | |
| 035 | 1 | |a MAHA92B3064 | |
| 035 | 1 | |z DCLC7868806B | |
| 040 | |d MH-FA | ||
| 043 | |a a-io--- |a a-my--- | ||
| 050 | 0 | |a TS1306.U452 |b B477 | |
| 082 | |a 746/.09598/074019467 | ||
| 245 | 0 | 0 | |a Threads of tradition : |b textiles of Indonesia and Sarawak : Lowie Museum of Anthropology, University Art Museum, Berkeley, University of California, Berkeley, California / |c [edited by] Joseph Fischer. |
| 260 | |a [Oakland, Calif.] : |b Published for the University of California by Fidelity Savings and Loan Association, |c c1979. | ||
| 300 | |a 98 p. : |b ill. (some col.) ; |c 28 cm. | ||
| 500 | |a Exhibitions held at Lowie Museum of Anthropology, Dec. 15, 1978-Mar. 15, 1979; University Art Museum, Berkeley, Dec. 6, 1978-Feb. 18, 1979. | ||
| 504 | |a Bibliography: p. 96-98. | ||
| 505 | 0 | |a The value of tradition: an essay on Indonesian textiles / Joseph Fischer -- Notes and observations on Indonesian textiles / Bronwen and Garrett Solyom -- Indonesian Ikat fabrics and their techniques / Lydia Van Gelder -- Batik traditions in the life of the Javanese / Beverly Labin -- Mountain Ikats and Coastal Silks: traditional textiles in South Sulawesi / Eric Crystal -- Cloths in the cultures of the lesser Sandia Islands / Lawrence A.G. Moss -- The Iban textiles of Sarawak / Michael Palmieri and Fatima Ferentinos -- List and description of color plates -- Line drawings of textile motifs. | |
| 650 | 0 | |a Textile fabrics |z Indonesia |v Exhibitions. | |
| 650 | 0 | |a Textile fabrics |z Malaysia |z Sarawak |v Exhibitions. | |
| 655 | 7 | |a Exhibition catalogs. |2 fast | |
| 700 | 1 | |a Fischer, Joseph, |d 1926- | |
| 710 | 2 | |a Robert H. Lowie Museum of Anthropology. | |
| 710 | 2 | |a University of California, Berkeley. |b University Art Museum. | |
| 776 | 0 | 8 | |i Online version: |t Threads of tradition. |d [Oakland, Calif.] : Published for the University of California by Fidelity Savings and Loan Association, ©1979 |w (OCoLC)557766340 |
| 776 | 0 | 8 | |i Online version: |t Threads of tradition. |d [Oakland, Calif.] : Published for the University of California by Fidelity Savings and Loan Association, ©1979 |w (OCoLC)607891363 |
| 700 | 1 | |a Fischer, Joseph, |d 1926- |e editor, |e author. | |
| 710 | 2 | |a Robert H. Lowie Museum of Anthropology, |e host institution. | |
| 710 | 2 | |a University of California, Berkeley. |b University Art Museum, |e host institution. | |
| 988 | |a 20020608 | ||
| 906 | |0 RLIN | ||


